书目信息 |
| 题名: |
中国铁路运输及综合运输系统改革与发展研
|
|
| 作者: | 杨咏中 , 牛惠民 编著 | |
| 分册: | ||
| 出版信息: | 人民交通 2008.04 |
|
| 页数: | 377页 | |
| 开本: | 24cm | |
| 丛书名: | ||
| 单 册: | ||
| 中图分类: | F542.1 | |
| 科图分类: | ||
| 主题词: | 陆路运输--运输经济 , 公路运输--运输经济 | |
| 电子资源: | ||
| ISBN: | 978-7-114-07078-5 | |
| 000 | 00745nam0 2200253 45 | |
| 001 | 0955205099 | |
| 005 | 20091019152135.70 | |
| 010 | @a978-7-114-07078-5@dCNY60.00 | |
| 100 | @a20090515d2008 ekmy0 y0120 ea | |
| 102 | @aCN@b130000 | |
| 102 | @aCN@b110000 | |
| 105 | @ay z 000yy | |
| 200 | 1 | @a中国铁路运输及综合运输系统改革与发展研@f杨咏中,牛惠民编著@Fyang yong zhong,niu hui min bian zhu |
| 210 | @c人民交通@d2008.04 | |
| 210 | @a北京@c人民交通出版社 | |
| 215 | @a377页@d24cm | |
| 606 | 0 | @a陆路运输@x运输经济 |
| 606 | 0 | @a公路运输@x运输经济 |
| 690 | @aF542.1@v4 | |
| 701 | 0 | @a杨咏中@Ayang yong zhong@4编著 |
| 701 | 0 | @a牛惠民@Aniu hui min@4编著 |
| 801 | 0 | @aCN@c20091019 |
| 905 | @a10447@dF542.1@eY320 | |
| 906 | @d60@n2@r1 | |
| 中国铁路运输及综合运输系统改革与发展研/杨咏中,牛惠民编著.-人民交通,2008.04.-北京:人民交通出版社 |
| 377页;24cm |
| ISBN 978-7-114-07078-5:CNY60.00 |
| ● |
| 相关链接 |
|
|
|
正题名:中国铁路运输及综合运输系统改革与发展研
索取号:F542.1/Y320
 
预约/预借
| 序号 | 登录号 | 条形码 | 馆藏地/架位号 | 状态 | 备注 |
| 1 | 890931 | 208909314 | 社科库409/409社科库 38排1列5层/ [索取号:F542.1/Y320] | 在馆 | |
| 2 | 890932 | 208909323 | 社科库409/409社科库 38排1列5层/ [索取号:F542.1/Y320] | 在馆 |